Relativistic theory of reactions. Model independent methods.

Uložené v:
Podrobná bibliografia
Hlavný autor: Werle, J.
Médium: Kniha
Jazyk:Slovak
Vydané: 1966.
Tagy: Pridať tag
Žiadne tagy, Buďte prvý kto otaguje tento záznam!

MARC

LEADER 00000nam a22000004a 4500
001 000527607
005 20161121151612.0
008 161121s1966 xo e 000 0 slo d
040 |a SVKKK  |b slo  |c SVKKK  |e AACR2 
100 1 |a Werle, J. 
245 1 0 |a Relativistic theory of reactions. Model independent methods. 
260 |c 1966. 
500 |a Záznam revízie 
910 |a svkkk 
998 |a BK 
090 |g SCKHL  |k Sklad  |a X0.6614  |j 02941  |i 527607-10  |4 Zastaraná  |s Vyradená